Welcome to the Holygrace Academy Library

Please use search bar below to get started

MORE SHORT STORIES FOR CHILDREN (Record no. 2787)

MARC details
000 -LEADER
fixed length control field 00389nam a22001577a 4500
020 ## - INTERNATIONAL STANDARD BOOK NUMBER
ISBN 81-7011-169-2
082 ## - DEWEY DECIMAL CLASSIFICATION NUMBER
Classification number 823
Item number MIN/M
100 ## - MAIN ENTRY--AUTHOR NAME
Personal name MINOCHA, V.P
245 ## - TITLE STATEMENT
Title MORE SHORT STORIES FOR CHILDREN
Remainder of title SHORT STORY
246 ## - VARYING FORM OF TITLE
Title proper/short title MORE SHORT STORIES FOR CHILDREN
Remainder of title SHORT STORY
260 ## - PUBLICATION, DISTRIBUTION, ETC. (IMPRINT)
Name of publisher CBT PUBLICATION
300 ## - PHYSICAL DESCRIPTION
Number of Pages 110
520 ## - SUMMARY, ETC.
Summary, etc SHORT STORY
650 ## - SUBJECT ADDED ENTRY--TOPICAL TERM
Topical Term SHORT STORY
942 ## - ADDED ENTRY ELEMENTS (KOHA)
Koha item type Books
Holdings
Withdrawn status Lost status Collection code Home library Current library Shelving location Date acquired Full call number Accession Number Koha item type
    Fiction Main Library Main Library SHELF 4-E RCHIE & ILLUSTRATED CLASSICS 25/09/2023 823 MIN/M 05106 Books